Paroles - La java de Broadway - Michel Sardou - Statistiques

Statistiques générales
  • Ce quiz a été pris 201 fois
  • Le résultat moyen est 274 sur 333
Statistiques - réponses
Réponse % Correct
Broadway
100%
java
100%
la
99%
La
99%
99%
de
98%
De
98%
on
98%
On
98%
à
97%
a
97%
Quand
97%
quand
97%
le
96%
Le
96%
fait
95%
pas
94%
Samedi
94%
c'est
92%
C'est
92%
mais
91%
ça
90%
vraie
90%
comme
89%
plaît
89%
qui
89%
peut-être
86%
va
86%
ou
85%
bourbon
83%
du
83%
elle
83%
Elle
83%
Oui
83%
y
83%
besoin
78%
Meudon
75%
dans
72%
se
72%
swingue
70%
d'beaujolais
68%
est
68%
les
65%
Les
65%
danse
64%
s'défonce
64%
des
59%
et
58%
Et
58%
en
56%
fin
56%
Sur
56%
sur
56%
Si
55%
ne
54%
bourrés
53%
bars
52%
Californie
52%
nanas
50%
Saint-Paul
50%
vraies
50%
Clichy
49%
plus
49%
midi
48%
Jusqu'à
47%
sait
47%
coups
46%
même
46%
d'arrosoir
45%
grands
45%
nous
44%
tire
44%
Vence
44%
balai
43%
sort
43%
une
42%
l'on
40%
Y'a
39%
chiens
38%
oscars
38%
42ème
37%
arrivent
37%
au
36%
décerne
36%
rigole
36%
50ème
34%
jazz
34%
trottoirs
34%
blues
33%
rock
33%
dix
32%
teintée
32%
bordées
31%
dort
30%
douze
30%
verres
29%
complet
28%
problèmes
26%
s'entrechoquent
25%
n'voit
21%
Aucun quiz correspondant
Distribution des résultats
% des personnes avec chaque résultat
Percentile par nombre de réponses
Votre historique - résultats
Vous n’avez pas pris ce quiz